<?xml version="1.0" encoding="UTF-8"?>
<record
    xmlns:xsi="http://www.w3.org/2001/XMLSchema-instance"
    xsi:schemaLocation="http://www.loc.gov/MARC21/slim http://www.loc.gov/standards/marcxml/schema/MARC21slim.xsd"
    xmlns="http://www.loc.gov/MARC21/slim">

  <leader>00525nam a2200181 a 4500</leader>
  <datafield tag="999" ind1=" " ind2=" ">
    <subfield code="c">23966</subfield>
    <subfield code="d">23966</subfield>
  </datafield>
  <controlfield tag="001">kpw01114213</controlfield>
  <controlfield tag="005">20251024080346.0</controlfield>
  <controlfield tag="007">ta</controlfield>
  <controlfield tag="008">110126s2006    xo ||||f||||||||0 0|slo||</controlfield>
  <datafield tag="020" ind1=" " ind2=" ">
    <subfield code="a">8080454310</subfield>
  </datafield>
  <datafield tag="040" ind1=" " ind2=" ">
    <subfield code="a">BOD006</subfield>
    <subfield code="b">cze</subfield>
    <subfield code="c">sk</subfield>
  </datafield>
  <datafield tag="072" ind1=" " ind2="7">
    <subfield code="a">37</subfield>
    <subfield code="x">V&#xFD;chova a vzd&#x11B;l&#xE1;v&#xE1;n&#xED;</subfield>
    <subfield code="2">Konspekt</subfield>
  </datafield>
  <datafield tag="245" ind1="0" ind2="0">
    <subfield code="a">Profesijn&#xFD; rozvoj u&#x10D;itel&#xB4;a /</subfield>
    <subfield code="c">kolektiv autor&#x16F;</subfield>
  </datafield>
  <datafield tag="250" ind1=" " ind2=" ">
    <subfield code="a">1. vyd.</subfield>
  </datafield>
  <datafield tag="260" ind1=" " ind2=" ">
    <subfield code="a">Pre&#x161;ov :</subfield>
    <subfield code="b">Metodicko-pedagogick&#xE9; centrum,</subfield>
    <subfield code="c">2006</subfield>
  </datafield>
  <datafield tag="300" ind1=" " ind2=" ">
    <subfield code="a">161 s.</subfield>
  </datafield>
  <datafield tag="653" ind1="0" ind2=" ">
    <subfield code="a">u&#x10D;itel&#xE9;</subfield>
    <subfield code="a">u&#x10D;itelstv&#xED;</subfield>
    <subfield code="a">vzd&#x11B;l&#xE1;v&#xE1;n&#xED;</subfield>
  </datafield>
  <datafield tag="952" ind1=" " ind2=" ">
    <subfield code="0">0</subfield>
    <subfield code="1">0</subfield>
    <subfield code="2">udc</subfield>
    <subfield code="4">0</subfield>
    <subfield code="7">0</subfield>
    <subfield code="8">D</subfield>
    <subfield code="a">10000</subfield>
    <subfield code="b">10000</subfield>
    <subfield code="d">2025-10-24</subfield>
    <subfield code="i">22322</subfield>
    <subfield code="o">S1594</subfield>
    <subfield code="p">S1594</subfield>
    <subfield code="r">2025-10-24</subfield>
    <subfield code="w">2025-10-24</subfield>
    <subfield code="y">OLDO</subfield>
  </datafield>
</record>
